05267nam a2200409Ia 4500001000900000003000500009005001700014007000300031008004100034010001100075040002300086041001300109100003700122240014000159245022800299264004200527300006800569336002700637337002800664338002800692500005100720502010200771504003200873520189600905520164702801650003204448650003304480650004404513650003404557650002404591650001904615700004404634700004504678700004504723700003604768856005304804dia_4893CHAP20240910180541.0ta220117s2012 mx do frm 001 0 spa d a175690 cCHAPamxchpuaerda0 aspabeng1 aAlmengor Gandara, José Roberto10aTechnical economic analysis for the establishment of a packing plant mango (Mangifera indica) located in Tapachula, Chiapas.lEspañol10aEstudio de factibilidad técnico-económico para el establecimiento de una planta empacadora de Mango (Mangifera índica) ubicada en Tapachula, Chiapas /cJosé Roberto Almengor Gandara y Francisco Javier Roque Guzmán aChapingo, México :bEl autor,c2012 ax, 96 hojas :bgráficas, diagramas, tablas, fotos +e1 CD-ROM 2rdacontentatextobtxt 2rdamediaano mediadobn 2rdacarrieravolumenbnc aEl CD contiene reporte, artículo y diagramas aTesis b(Ingeniero Agroindustrial) -- cUACh. Departamento de Ingeniería Agroindustrial, d2012 aBibliografía: hojas 97-993 aEl sector agropecuario en México y particularmente el del estado de Chiapas ha sido uno de los más abandonados en los últimos años, pues el apoyo gubernamental ha sido deficiente para elevar la producción y productividad de esta actividad económica, llevando a un atraso en la producción y disminución en la participación mundial de exportaciones de mango. Sin embargo, la exportación de mango proveniente de Chiapas, especialmente el Mango Ataulfo del Soconusco, representan una gran área de oportunidad, que a través del presente proyecto tiene el potencial de mejorar las condiciones de producción, aumentando con ello el nivel de competencia en el mercado internacional. Las condiciones del mercado internacional permiten incursionar en el mercado sin grandes complicaciones, puesto que los precios de productos orgánicos son buenos y su demanda se encuentra en aumento, además de que el consumo per cápita estimado de mango en el mercado estadounidense es de alrededor de 0.91278 kg. (2 libras). La metodología utilizada fue la propuesta por Ponce, (2006), complementada con la propuesta por FIRA, (1993), y Santoyo, (1999), la cual comprende los siguientes aspectos: diagnóstico de la zona, estudio de mercado y materia prima, organización social y administrativa, estudio técnico de ingeniería, análisis y evaluación financiera e impacto ambiental y dictamen. El final del análisis fue la determinación de la viabilidad tanto técnica como económica, además del impacto ambiental que traería el establecimiento de una planta empacadora de mango en Tapachula, Chiapas. Bajo las condiciones establecidas para este proyecto se concluyó que es viable económicamente porque se obtuvo una Tasa Interna de Retorno (TIR) de 20.4 % con un Valor Actual Neto (VAN) de $ 2, 079, 927.00 y una Relación Beneficio Costo (B/C) de 1.07. 3 aThe agricultural sector in Mexico, particularly the state of Chiapas has been one of the most neglected, in recent years because government support has been poor to raise production and productivity of the sector, leading a delay in the production a decrease in the global share of exports of mango. However, the export of mango from Chiapas, especially the Soconusco Ataulfo Mango, represents a major area of opportunity, that through this project has the potential to improve the conditions of production, thereby increasing the level of competition in the international market. The International market conditions allow inroads into the market without major complications, since the prices of organic products are good and demand is increasing, in addition to the estimated per capita consumption of mango in the U.S. market is about 0.91278 kg. (2 pounds). The methodology used was the one proposed by Ponce (2006), supplemented with the proposal by FIRA (1993), and Santoyo (1999), which includes the following: diagnosis of the area, market research and raw material, social and administrative organization, engineering technical study, analysis and financial evaluation, environmental impact assessment and advices. The end of the analysis was to determine the technical and economic feasibility, environmental impact also would establish a mango packing plant in Tapachula, Chiapas. Under the established conditions for this project was concluded that is economically viable because it was obtained an Internal Rate of Return (IRR) of 20.4% with a Net Present Value (NPV) of $ 2, 079, 927.00 and a Benefit Cost Ratio (B / C) of 1.07. 13aMangosxProducción 2atg13aEnvasado de alimentos 2atg13aIniciativa empresarialzMéxico 2atg13aEntrepreneurshipzMexico2atg13aFood packing 2atg13aMangoes 2atg1 aRoque Guzmán, Francisco Javiereautor1 aGarcía Chávez, Luis Ramiroedirector1 aSzymanski Duque, Rosa Guadalupeeasesora1 aMena Nevárez, Gustavoeasesor41uhttp://10.13.5.2/tesis/115469.pdfyDESCARGAR PDF